Chicago trial testimony /

Verbatim transcript of Allen Ginsberg's testimony as witness for the defendants (United States of America vs. David T. Dellinger, et al.) in the 1969 "Chicago Seven" trial.

Bibliographic Details
Main Author: Ginsberg, Allen, 1926-1997 (Author)
Other Authors: Dellinger, David T., 1915-2004 (Defendant)
Format: Book
Language:English
Published: San Francisco : City Lights, [1975]
Subjects:

MARC

Tag First Indicator Second Indicator Subfields
LEADER 00000cam a2200000 i 4500
001 in00004057310
005 20190422105500.0
008 741204t19751975cau 000 0 eng
010 |a  74031252  
016 7 |a 013839828  |2 Uk 
020 |a 0872860809 
020 |a 9780872860803 
035 |a (OCoLC)ocm01169869 
035 |a (OCoLC)1169869 
040 |a DLC  |b eng  |c DLC  |d BTCTA  |d OCLCQ  |d YDXCP  |d OCLCG  |d SYB  |d DEBBG  |d BDX  |d OCLCO  |d OCLCF  |d OCLCQ  |d OCLCA  |d UKMGB  |d TXA  |d UtOrBLW 
043 |a n-us-il 
049 |a TXAM 
050 0 0 |a KF224.D37  |b G45 
050 4 |a KF224.C47  |b G45 1975 
082 0 0 |a 345/.73/0231 
084 |a HU 3703  |2 rvk 
100 1 |a Ginsberg, Allen,  |d 1926-1997,  |e author.  |0 http://id.loc.gov/authorities/names/n79109040 
245 1 0 |a Chicago trial testimony /  |c Allen Ginsberg. 
264 1 |a San Francisco :  |b City Lights,  |c [1975] 
264 4 |c ©1975 
300 |a 74 pages ;  |c 28 cm 
336 |a text  |b txt  |2 rdacontent 
337 |a unmediated  |b n  |2 rdamedia 
338 |a volume  |b nc  |2 rdacarrier 
520 |a Verbatim transcript of Allen Ginsberg's testimony as witness for the defendants (United States of America vs. David T. Dellinger, et al.) in the 1969 "Chicago Seven" trial. 
500 |a The Chicago Seven (originally Chicago Eight) were seven defendants--Abbie Hoffman, Jerry Rubin, David Dellinger, Tom Hayden, Rennie Davis, John Froines, and Lee Weiner--charged by the federal government with conspiracy, inciting to riot, and other charges related to anti-Vietnam War and countercultural protests that took place in Chicago, Illinois, on the occasion of the 1968 Democratic National Convention. Bobby Seale, the eighth man charged, had his trial severed during the proceedings, lowering the number of defendants from eight to seven. 
500 |a "City Lights trashcan series number 1"--Page 4 of cover. 
500 |a The Cushing Library/Women & Gender Studies copy was acquired as part of The Don Kelly Research Collection of Gay Literature and Culture.  |5 TXA 
500 |a The Cushing Library/Women & Gender Studies copy is signed by the author.  |5 TXA 
650 0 |a Chicago Seven Trial, Chicago, Ill., 1969-1970.  |0 http://id.loc.gov/authorities/subjects/sh85023260 
600 1 0 |a Ginsberg, Allen,  |d 1926-1997  |x Political and social views. 
600 1 0 |a Dellinger, David T.,  |d 1915-2004  |x Trials, litigation, etc. 
600 1 7 |a Dellinger, David T.,  |d 1915-2004.  |2 fast  |0 (OCoLC)fst01434692 
600 1 7 |a Ginsberg, Allen,  |d 1926-1997.  |2 fast  |0 (OCoLC)fst00042980 
650 0 |a Riots  |z Illinois  |z Chicago.  |0 http://id.loc.gov/authorities/subjects/sh85023243 
650 7 |a Riots.  |2 fast  |0 (OCoLC)fst01098069 
651 7 |a Illinois  |z Chicago.  |2 fast  |0 (OCoLC)fst01204048 
700 1 |a Dellinger, David T.,  |d 1915-2004,  |e defendant.  |0 http://id.loc.gov/authorities/names/n50039036 
776 0 8 |i Online version:  |a Ginsberg, Allen, 1926-1997.  |t Chicago trial testimony.  |d San Francisco : City Lights, [1975]  |w (OCoLC)577899150 
776 0 8 |i Online version:  |a Ginsberg, Allen, 1926-1997.  |t Chicago trial testimony.  |d San Francisco : City Lights, [1975]  |w (OCoLC)609222489 
994 |a C0  |b TXA 
948 |a cataloged  |b h  |c 2019/2/12  |d c  |e nbehmer  |f 1:43:57 pm 
999 f f |s cf50bf49-1857-38b0-9bad-e11ad028b6e9  |i 16ac1ec6-72e2-3768-8288-d924f9fd7593  |t 0 
952 f f |p noncirc  |a Texas A&M University  |b College Station  |c Cushing Memorial Library & Archives  |d Cushing: Women & Gender Studies (Does not check out)  |t 0  |e KF224.C47 G45 1975  |h Library of Congress classification  |i unmediated -- volume 
998 f f |a KF224.C47 G45 1975  |t 0  |l Cushing: Women & Gender Studies (Does not check out)